| 000 | 01415cam a22004097a 4500 | ||
|---|---|---|---|
| 003 | CHAP | ||
| 005 | 20220817041017.0 | ||
| 008 | 971013s1986 r 00010 d | ||
| 010 | _a4529 | ||
| 011 | _a5501 | ||
| 035 | _a4715 | ||
| 040 | _cCHAP | ||
| 090 | _aFolleto 13087 | ||
| 100 | 0 | 0 |
_aByerlee, Derek. _916489 |
| 245 | 0 |
_aVentaja comparativa y políticas agrarias de la producción de trigo en zonas irrigadas y de secano en México _c/por Derek Byerlee y Jim Longmire |
|
| 260 |
_aMéxico, D. F. : _bCIMMYT, _c1986. |
||
| 300 |
_a116 p. _b; gráfs |
||
| 410 | 0 | 0 | _aCIMMYT |
| 490 | 0 |
_aDocumento de trabajo _v; 01/86 |
|
| 590 |
_aBATCH-UPD _b10 _c20130110 _lUCH01 _h0255 |
||
| 590 |
_aBATCH-UPD _b10 _c20130110 _lUCH01 _h1234 |
||
| 590 |
_aBATCH-UPD _b10 _c20130409 _lUCH01 _h2326 |
||
| 590 |
_aBATCH-UPD _b10 _c20130914 _lUCH01 _h0759 |
||
| 590 |
_aCONVERSION _b10 _c20130109 _lUCH01 _h1304 |
||
| 650 | 1 | 4 |
_aCultivos de secano. _930373 |
| 650 | 1 | 4 |
_aPolítica agrícola _zMéxico. |
| 650 | 1 | 4 |
_aTrigo _xIrrigación. _9115050 |
| 650 | 1 | 4 |
_aTrigo _xRendimiento. _9115092 |
| 650 | 1 | 4 |
_aTrigo _zMéxico. _9115130 |
| 700 | 0 |
_aLongmire, Jim. _967595 |
|
| 810 | 0 | 0 |
_aCIMMYT _923309 |
| 830 | 0 |
_aDocumento de trabajo _v; 01/86 _933227 |
|
| 901 | _aBK | ||
| 942 | _cFOLL | ||
| 949 |
_aFolleto 13087 _bBC _cFOLL _d-14262 _eTS1 _gI. c/e _i4715 _si _t2.47 |
||
| 949 |
_aFolleto 13087 _bBC _cFOLL _d47152 _eTS2 _fc.2 _gDonaciØn _i4715 _si |
||
| 999 |
_c4529 _d4529 |
||